[Event "Erandio op 28th"]
[Site "Erandio"]
[Date "2019.12.21"]
[Round "8"]
[White "Svyatoslav, Vorobyev"]
[Black "Prieto Aranguren, Alain"]
[Result "0-1"]
[WhiteElo "1942"]
[BlackElo "2277"]
[PlyCount "37"]
[EventDate "2019.12.14"]
[EventType "swiss"]
[EventRounds "8"]
[EventCountry "ESP"]
[SourceTitle "CBM 194 Extra"]
[Source "ChessBase"]
[SourceDate "2020.03.31"]
[SourceVersion "1"]
[SourceVersionDate "2020.03.31"]
[SourceQuality "1"]

1. e4 c6 2. d4 d5 3. Nc3 dxe4 4. Nxe4 Bf5 5. Ng3 Bg6 6. h4 h6 7. h5 Bh7 8. Nf3 Nd7 9. Bd3 Bxd3 10. Qxd3 e6 11. Bd2 Ngf6 12. 0-0-0 Be7 13. Ne4 0-0 14. Nxf6+ Nxf6 15. g4 Nxg4 16. Rhg1 f5 17. Qe2 Kh7 18. Ne5 Nxe5 19. dxe5 0-1

[Event "Collado Villalba 64 op 5th"]
[Site "Collado Villalba"]
[Date "2017.07.29"]
[Round "7"]
[White "Alonso Cristobo, Luis"]
[Black "Svyatoslav, Vorobyev"]
[Result "1-0"]
[WhiteElo "1912"]
[BlackElo "1771"]
[PlyCount "53"]
[EventDate "2017.07.23"]
[EventType "swiss"]
[EventRounds "9"]
[EventCountry "ESP"]
[SourceTitle "CBM 179 Extra"]
[Source "ChessBase"]
[SourceDate "2017.08.23"]
[SourceVersion "1"]
[SourceVersionDate "2017.08.23"]
[SourceQuality "1"]

1. e4 e6 2. Nc3 d5 3. g3 Nf6 4. Bg2 Be7 5. d3 0-0 6. Nge2 dxe4 7. Nxe4 c6 8. N2c3 Nbd7 9. 0-0 Nd5 10. Qh5 N7f6 11. Nxf6+ Nxf6 12. Qe2 Qc7 13. a4 b6 14. Bf4 Bd6 15. Nb5 cxb5 16. Bxd6 Qxd6 17. Bxa8 bxa4 18. Rxa4 e5 19. Bg2 a6 20. f4 Re8 21. Re1 Qc5+ 22. Qf2 Qb5 23. b3 Ng4 24. Qd2 Bd7 25. Qb4 e4 26. Qxb5 Bxb5 27. Raxe4 1-0

[Event "Collado Villalba 64 op 5th"]
[Site "Collado Villalba"]
[Date "2017.07.27"]
[Round "5"]
[White "Svyatoslav, Vorobyev"]
[Black "Cabanas Bravo, Juan Andres"]
[Result "1-0"]
[WhiteElo "1771"]
[BlackElo "2045"]
[PlyCount "59"]
[EventDate "2017.07.23"]
[EventType "swiss"]
[EventRounds "9"]
[EventCountry "ESP"]
[SourceTitle "CBM 179 Extra"]
[Source "ChessBase"]
[SourceDate "2017.08.23"]
[SourceVersion "1"]
[SourceVersionDate "2017.08.23"]
[SourceQuality "1"]

1. d4 Nf6 2. c4 c5 3. d5 b5 4. cxb5 a6 5. f3 axb5 6. e4 Qa5+ 7. Bd2 b4 8. Na3 d6 9. Nc4 Qc7 10. Bd3 g6 11. Ne2 Bg7 12. Qc1 0-0 13. Bh6 e6 14. Bxg7 Kxg7 15. e5 dxe5 16. d6 Qc6 17. Ng3 Nbd7 18. h4 Qd5 19. Qc2 Ba6 20. Rd1 Bxc4 21. Bxc4 Qc6 22. h5 Nb6 23. Qc1 Nxc4 24. hxg6 fxg6 25. Qxc4 Kf7 26. Ne4 Nxe4 27. Rxh7+ Kf6 28. fxe4 Qa6 29. Qxc5 g5 30. Qc7 1-0

[Event "Collado Villalba 64 op 5th"]
[Site "Collado Villalba"]
[Date "2017.07.26"]
[Round "4"]
[White "Svyatoslav, Vorobyev"]
[Black "Suarez Paz, Alfonso"]
[Result "1-0"]
[WhiteElo "1771"]
[BlackElo "1886"]
[PlyCount "39"]
[EventDate "2017.07.23"]
[EventType "swiss"]
[EventRounds "9"]
[EventCountry "ESP"]
[SourceTitle "CBM 179 Extra"]
[Source "ChessBase"]
[SourceDate "2017.08.23"]
[SourceVersion "1"]
[SourceVersionDate "2017.08.23"]
[SourceQuality "1"]

1. Nf3 Nf6 2. d4 d5 3. c4 c6 4. Nc3 e6 5. g3 Be7 6. Bg2 0-0 7. 0-0 Nbd7 8. b3 Ne4 9. Nxe4 dxe4 10. Nd2 f5 11. e3 Nf6 12. f3 exf3 13. Nxf3 Bd6 14. Bb2 Ng4 15. Qd3 Bd7 16. e4 Be8 17. h3 Bg6 18. e5 Bxe5 19. Qe2 Bxg3 20. hxg4 1-0

[Event "ESP-chT Regional U14"]
[Site "Padron"]
[Date "2017.06.25"]
[Round "6.2"]
[White "Abian Lopez, Marta"]
[Black "Svyatoslav, Vorobyev"]
[Result "0-1"]
[WhiteElo "1169"]
[BlackElo "1781"]
[PlyCount "132"]
[EventDate "2017.06.22"]
[EventType "team"]
[EventRounds "6"]
[EventCountry "ESP"]
[SourceTitle "EXT 2018"]
[Source "ChessBase"]
[SourceDate "2017.10.13"]
[SourceVersion "1"]
[SourceVersionDate "2017.10.13"]
[SourceQuality "1"]
[WhiteTeam "Cantabria (U14)"]
[BlackTeam "Euskadi (U14)"]
[WhiteTeamCountry "ESP"]
[BlackTeamCountry "ESP"]

1. e4 e6 2. d4 d5 3. exd5 exd5 4. Bd3 Bd6 5. Nf3 Ne7 6. 0-0 0-0 7. h3 Bf5 8. Bg5 f6 9. Be3 Qd7 10. Nc3 c6 11. Ne2 Bxd3 12. Qxd3 Qc7 13. Rfe1 Nd7 14. Qd2 Ng6 15. Rad1 Rfe8 16. b3 a5 17. c4 Bb4 18. Nc3 dxc4 19. bxc4 Nb6 20. Qb2 Nxc4 21. Qb3 Qf7 22. Nd2 Nxe3 23. Qxf7+ Kxf7 24. Rxe3 Rxe3 25. fxe3 Bxc3 26. Ne4 Bb4 27. Rb1 Re8 28. Rxb4 axb4 29. Nd6+ Ke7 30. Nxe8 Kxe8 31. Kf2 Ke7 32. Kf3 Ke6 33. Ke4 f5+ 34. Kd3 Kd5 35. g4 fxg4 36. hxg4 b5 37. e4+ Kd6 38. Kc2 c5 39. Kb3 Nf4 40. dxc5+ Kxc5 41. a3 bxa3 42. Kxa3 b4+ 43. Kb3 Ne6 44. e5 Nd4+ 45. Kb2 Kc4 46. Kb1 Kb3 47. Kc1 Ka2 48. Kd2 b3 49. Kd3 Ne6 50. Kc4 b2 51. Kd5 Nd8 52. e6 Nxe6 53. Kxe6 b1Q 54. Kf7 Qg6+ 55. Ke7 Qxg4 56. Kd6 h5 57. Ke5 h4 58. Kd5 h3 59. Ke5 h2 60. Kd5 h1R 61. Ke5 Rh5+ 62. Kd6 Qg6+ 63. Ke7 Ra5 64. Kd7 Ra7+ 65. Kd8 Qf7 66. Kc8 Qc7# 0-1

[Event "ESP-chT Regional U14"]
[Site "Padron"]
[Date "2017.06.23"]
[Round "3.1"]
[White "Svyatoslav, Vorobyev"]
[Black "Escartin Lacasa, Jose"]
[Result "0-1"]
[WhiteElo "1781"]
[BlackElo "1928"]
[PlyCount "66"]
[EventDate "2017.06.22"]
[EventType "team"]
[EventRounds "6"]
[EventCountry "ESP"]
[SourceTitle "EXT 2018"]
[Source "ChessBase"]
[SourceDate "2017.10.13"]
[SourceVersion "1"]
[SourceVersionDate "2017.10.13"]
[SourceQuality "1"]
[WhiteTeam "Euskadi (U14)"]
[BlackTeam "Aragon (U14)"]
[WhiteTeamCountry "ESP"]
[BlackTeamCountry "ESP"]

1. e4 c5 2. Nc3 e6 3. Nf3 Nc6 4. d4 cxd4 5. Nxd4 Nf6 6. Ndb5 d6 7. Bf4 e5 8. Bg5 a6 9. Na3 Be6 10. Nc4 b5 11. Ne3 Be7 12. Bxf6 Bxf6 13. Ncd5 Bg5 14. c3 0-0 15. a4 Bxe3 16. Nxe3 b4 17. c4 Nd4 18. b3 Qg5 19. Rb1 f5 20. Nc2 Nxc2+ 21. Qxc2 fxe4 22. Rd1 e3 23. fxe3 Bg4 24. Qd2 Bxd1 25. Kxd1 a5 26. Bd3 Rf6 27. c5 dxc5 28. Bc4+ Kh8 29. Kc2 Raf8 30. h4 Qg3 31. Rh3 Qg6+ 32. Bd3 e4 33. Be2 Qxg2 0-1